<?xml version="1.0" encoding="UTF-8"?>
<record
    xmlns:xsi="http://www.w3.org/2001/XMLSchema-instance"
    xsi:schemaLocation="http://www.loc.gov/MARC21/slim http://www.loc.gov/standards/marcxml/schema/MARC21slim.xsd"
    xmlns="http://www.loc.gov/MARC21/slim">

  <leader>01233nam a22002657a 4500</leader>
  <controlfield tag="003">BPGM</controlfield>
  <controlfield tag="005">20260624214256.0</controlfield>
  <controlfield tag="008">260624b2000    mx ||||| |||| 001 0 spa d</controlfield>
  <datafield tag="020" ind1=" " ind2=" ">
    <subfield code="a">968-7377-49-6</subfield>
  </datafield>
  <datafield tag="040" ind1=" " ind2=" ">
    <subfield code="a">BPGM</subfield>
    <subfield code="b">spa</subfield>
  </datafield>
  <datafield tag="041" ind1=" " ind2=" ">
    <subfield code="a">spa</subfield>
    <subfield code="h">spa</subfield>
  </datafield>
  <datafield tag="082" ind1="0" ind2="4">
    <subfield code="a">CQ / 862M /</subfield>
    <subfield code="b">P83 / P83 / </subfield>
  </datafield>
  <datafield tag="100" ind1=" " ind2=" ">
    <subfield code="a">IGNACIO PADILLA, EDGAR CEBALLO</subfield>
  </datafield>
  <datafield tag="245" ind1=" " ind2=" ">
    <subfield code="a">LA PUERTA </subfield>
  </datafield>
  <datafield tag="260" ind1=" " ind2=" ">
    <subfield code="a">QUER&#xC8;TARO; </subfield>
    <subfield code="b">FONDO EDITORIAL QUERETARO, </subfield>
    <subfield code="c">2000. </subfield>
  </datafield>
  <datafield tag="300" ind1=" " ind2=" ">
    <subfield code="a">295 p&#xE0;ginas </subfield>
    <subfield code="c">23 cm x 14 cm </subfield>
  </datafield>
  <datafield tag="336" ind1=" " ind2=" ">
    <subfield code="2">rdacontent</subfield>
    <subfield code="a">texto</subfield>
    <subfield code="b">txt</subfield>
  </datafield>
  <datafield tag="337" ind1=" " ind2=" ">
    <subfield code="2">rdamedia</subfield>
    <subfield code="a">sin mediaci&#xF3;n</subfield>
    <subfield code="b">n</subfield>
  </datafield>
  <datafield tag="338" ind1=" " ind2=" ">
    <subfield code="2">rdacarrier</subfield>
    <subfield code="a">volumen </subfield>
    <subfield code="b">nc</subfield>
  </datafield>
  <datafield tag="505" ind1=" " ind2=" ">
    <subfield code="a">"LA PUERTA" ES UNA GALARDONADA PIEZA TEATRAL MEXICANA ESCRITA POR EL DESTACADO INVESTIGADOR, EDITOR Y DRAMATURGO YUCATECO EDGAR CEBALLOS, QUE OBTUVO EL PREMIO NACIONAL DE DRAMATURGIA EN 1999. LA OBRA DESTACA POR SU ENFOQUE VANGUARDISTA E INTROSPECTIVO DENTRO DE LAS PROPUESTAS TEATRALES CONTEMPOR&#xC1;NEAS EN M&#xC9;XICO. SE PUBLIC&#xD3; FORMALMENTE EN EL A&#xD1;O 2000 TRAS RESULTAR SELECCIONADA EN EL PRIMER CONCURSO NACIONAL DE DRAMATURGIA MANUEL HERRERA CASTA&#xD1;EDA EN EL ESTADO DE QUER&#xC9;TARO.</subfield>
  </datafield>
  <datafield tag="650" ind1=" " ind2=" ">
    <subfield code="a">LITERATURA Y RET&#xD3;RICA</subfield>
  </datafield>
  <datafield tag="650" ind1=" " ind2=" ">
    <subfield code="a">LITERATURAS ESPA&#xD1;OLA Y PORTUGUESA</subfield>
  </datafield>
  <datafield tag="650" ind1=" " ind2=" ">
    <subfield code="a">TEATRO ESPA&#xD1;OL</subfield>
  </datafield>
  <datafield tag="942" ind1=" " ind2=" ">
    <subfield code="2">ddc</subfield>
    <subfield code="c">COLQ</subfield>
  </datafield>
  <datafield tag="952" ind1=" " ind2=" ">
    <subfield code="0">0</subfield>
    <subfield code="1">0</subfield>
    <subfield code="2">ddc</subfield>
    <subfield code="4">0</subfield>
    <subfield code="7">2</subfield>
    <subfield code="8">ESPQ</subfield>
    <subfield code="a">BPCEFC</subfield>
    <subfield code="b">BPCEFC</subfield>
    <subfield code="c">SALA QUER&#xC9;TARO ACCESO B PLANTA ALTA</subfield>
    <subfield code="d">2008-01-22</subfield>
    <subfield code="e">DONADO</subfield>
    <subfield code="l">0</subfield>
    <subfield code="o">CQ / 862M / P83 / P83 / </subfield>
    <subfield code="r">2026-06-24 21:40:47</subfield>
    <subfield code="t">EJ.1</subfield>
    <subfield code="w">2026-06-24</subfield>
    <subfield code="y">COLQ</subfield>
  </datafield>
  <datafield tag="999" ind1=" " ind2=" ">
    <subfield code="c">68666</subfield>
    <subfield code="d">68666</subfield>
  </datafield>
</record>
